书目信息 |
| 题名: |
共产党执政规律研究
|
|
| 作者: | 曲青山 主编 | |
| 分册: | ||
| 出版信息: | 北京 人民出版社 2020.9 |
|
| 页数: | 584页 | |
| 开本: | 24cm | |
| 丛书名: | ||
| 单 册: | ||
| 中图分类: | D25 | |
| 科图分类: | ||
| 主题词: | ||
| 电子资源: | ||
| ISBN: | 978-7-01-022344-5 | |
| 000 | 01390cam0 2200253 450 | |
| 001 | 0039144178 | |
| 005 | 20201110135347.0 | |
| 010 | @a978-7-01-022344-5@dCNY78.00 | |
| 100 | @a20201022d2020 em y0chiy0120 ea | |
| 101 | 0 | @achi |
| 102 | @aCN@b110000 | |
| 105 | @ay z 000yy | |
| 106 | @ar | |
| 200 | 1 | @a共产党执政规律研究@9gong chan dang zhi zheng gui lv yan jiu@b专著@f曲青山主编 |
| 210 | @a北京@c人民出版社@d2020.9 | |
| 215 | @a584页@d24cm | |
| 300 | @a中宣部2020年主题出版重点出版物 | |
| 314 | @a曲青山,男,汉族,1957年5月生,山东荣成人,1973年12月参加工作,1975年3月加入中国共产党,中央党校研究生学历,历史学学士,教授。 | |
| 330 | @a共产党执政规律,是共产党执政后必须遵循的、反映党执政本质和必然性的法则和客观要求,包括共产党在执政过程中应该遵循的执政理念和执政方略,应该采取的执政体制和执政方式,应该巩固的执政基础和执政资源,应该创造的执政条件和执政环境等等。本书立足于世界社会主义500年发展历史,以马克思列宁主义、毛泽东思想、邓小平理论、“三个代表”重要思想、科学发展观、习近平新时代中国特色社会主义思想为指导,以问题为导向,将共产党执政实践置于历史长河中,坚持理论和实践相结合、历史和现实相结合、历史和逻辑相统一的原则,对共产党执政规律进行研究,旨在为发挥党史和文献工作资政育人作用,更好服务党和国家工作大局做出应有贡献。 | |
| 601 | 02 | @a中国共产党@x执政@x研究 |
| 690 | @aD25@v5 | |
| 701 | 0 | @a曲青山@9qu qing shan@4主编 |
| 801 | 2 | @aCN@b人天书店@c20210113 |
| 905 | @aTSG@dD25@eQ793@f2 | |
| 共产党执政规律研究/曲青山主编.-北京:人民出版社,2020.9 |
| 584页;24cm |
| 中宣部2020年主题出版重点出版物 |
| ISBN 978-7-01-022344-5:CNY78.00 |
| 共产党执政规律,是共产党执政后必须遵循的、反映党执政本质和必然性的法则和客观要求,包括共产党在执政过程中应该遵循的执政理念和执政方略,应该采取的执政体制和执政方式,应该巩固的执政基础和执政资源,应该创造的执政条件和执政环境等等。本书立足于世界社会主义500年发展历史,以马克思列宁主义、毛泽东思想、邓小平理论、“三个代表”重要思想、科学发展观、习近平新时代中国特色社会主义思想为指导,以问题为导向,将共产党执政实践置于历史长河中,坚持理论和实践相结合、历史和现实相结合、历史和逻辑相统一的原则,对共产党执政规律进行研究,旨在为发挥党史和文献工作资政育人作用,更好服务党和国家工作大局做出应有贡献。 |
| ● |
| 相关链接 |
|
|
|
正题名:共产党执政规律研究
索取号:D25/Q793
 
预约/预借
| 序号 | 登录号 | 条形码 | 馆藏地/架位号 | 状态 | 备注 |
| 1 | 1534445 | 215344456 | 社科库509/509社科库 69排2列2层/ [索取号:D25/Q793] | 在馆 | |
| 2 | 1534446 | 215344465 | 社科库509/509社科库 69排2列2层/ [索取号:D25/Q793] | 在馆 |